000 00649nam a2200205Ia 4500
005 20260121110044.0
008 008 260114s9999 xx 000 0 hin d
020 _a9788132359968
037 _aEBOOK
040 _aCRL
_bhin
_cCRL
041 _ahin
_2hin
084 _qCRL
100 _aजीतन कुमार / Jiten Kumar
_9941502
245 0 _aक्वान्टम ऊष्मागतिकी / Quantum Ushmagatikiki
260 _bभाषा प्रकाशन / Bhasha Prakashan
_c2021
856 _uhttps://bhashaprakashan.com/product-details/382626
942 _cEBOOK
999 _c1533167
_d1533167